Statistics for Game of Thrones Northern Houses (Mega Edition)

Click here to take the quiz!

General Stats

  • This quiz has been taken 47 times
  • The average score is 15 of 41

Answer Stats

Answers% Correct
Stark
100%
Karstark
95%
Bolton
90%
Umber
90%
Mormont
87%
Manderly
77%
Cerwyn
72%
Glover
72%
Reed
72%
Flint
59%
Hornwood
56%
Dustin
44%
Tallhart
44%
Ryswell
41%
Norrey
33%
Wull
31%
Forrester
28%
Locke
28%
Magnar
28%
Liddle
26%
Whitehill
23%
Stout
21%
Woolfield
21%
Crowl
18%
Fenn
18%
Knott
18%
Slate
18%
Stane
18%
Bogg
15%
Bole
15%
Branch
15%
Burley
15%
Quagg
15%
Woods
15%
Blackmyre
13%
Cray
13%
Harclay
13%
Glenmore
10%
Peat
10%
Greengood
8%
First Flint
5%

Score Distribution

Percentile by Number Answered

Percent of People with Each Score

Your Score History

You have not taken this quiz